Kriminalstatistik / 2007

Gespeichert in:  
Bibliographische Detailangaben
Medienart: Druck Buch
Sprache:Schwedisch
Veröffentlicht: 2008
In: Kriminalstatistik = Criminal statistics
Jahr: 2008
Bestand in Tübingen:In Tübingen vorhanden.
UB: ZB 4372-2007
Verfügbarkeit prüfen: HBZ Gateway
Subito Bestelldienst: Jetzt bestellen.

MARC

LEADER 00000cam a2200000 cc4500
001 135689111X
003 DE-627
005 20220527151601.0
007 tu
008 081015s2008 xx ||||| 00| ||swe c
020 |a 9789186027025  |9 978-91-86027-02-5 
035 |a (DE-627)135689111X 
035 |a (DE-576)286891115 
035 |a (DE-599)BSZ286891115 
040 |a DE-627  |b ger  |c DE-627  |e rakwb 
041 |a swe 
245 0 0 |a Kriminalstatistik  |n 2007 
264 1 |c 2008 
336 |a Text  |b txt  |2 rdacontent 
337 |a ohne Hilfsmittel zu benutzen  |b n  |2 rdamedia 
338 |a Band  |b nc  |2 rdacarrier 
490 1 |a Brå-rapport  |v 2008,17 
583 1 |a Archivierung prüfen  |c 20200919  |f DE-640  |z 1  |2 pdager 
773 1 8 |a Kriminalstatistik = Criminal statistics  |w (DE-627)198686692  |w (DE-576)051667231  |w (DE-600)1316150-7  |x 1100-6676  |g 2007  |q 2007  |7 nnas 
810 2 |a Schweden  |b Brottsförebyggande rådet  |t BRÅ rapport  |v 2008,17  |9 2008,17  |w (DE-627)17099662X  |w (DE-576)022905014  |w (DE-600)1137697-1  |x 1100-6676  |7 am 
951 |a MV 
ELC |b 1 
LOK |0 000 xxxxxcx a22 zn 4500 
LOK |0 001 2582600016 
LOK |0 003 DE-627 
LOK |0 004 135689111X 
LOK |0 005 20081015151027 
LOK |0 008 081015||||||||||||||||ger||||||| 
LOK |0 040   |a DE-21  |c DE-627  |d DE-21 
LOK |0 852   |a DE-21 
LOK |0 852 1  |c ZB 4372-2007  |9 00 
LOK |0 935   |a krim 
LOK |0 938   |l 34  |8 2 
LOK |0 938   |l 15/10/08  |8 6 
LOK |0 939   |a 15-10-08  |b l01 
ORI |a SA-MARC-krimdoka001.raw 
SIG |a UB: ZB 4372-2007